Charlotte Hornets Playoff Roster 2023 - Statistics

General Stats
  • This quiz has been taken 11 times
  • The average score is 9 of 17
Answer Stats
Hint Answer % Correct
1 Lamelo Ball
100%
3 Terry Rozier
100%
20 Gordon Hayward
90%
25 PJ Washington
90%
12 Kelly Oubre Jr
80%
5 Mark Williams
60%
8 Dennis Smith Jr
50%
2 James Bouknight
50%
23 Kai Jones
50%
11 Cody Martin
40%
4 Nick Richards
40%
21 JT Thor
30%
7 Bryce McGowens
20%
17 Svi Mykhailiuk
20%
9 Theo Maledon
20%
23 Kobi Simmons
10%
19 Xavier Sneed
10%
No matching quizzes found
Score Distribution
Percent of People with Each Score
Percentile by Number Answered
Your Score History
You have not taken this quiz